| 000 | | | 05408cac2a2200000 x 450 |
| 001 | | | 00284551-2342-4372-9571-234bf4635fc6 |
| 005 | | | 20160519110845.0 |
| 100 | ## | $a | 20160212l19091909k l0rusy0189 ca |
| 101 | 0# | $a | rus |
| 102 | ## | $a | RU |
| 200 | 1# | $a | Живой колос с духовной нивы протоиерея Иоанна Ильича Сергиева-Кронштадтского |
| | $e | выписки из дневника за 1907-1908 гг. |
| | $e | с портретом и эпиграфом автора |
| | $e | посмертное издание в пользу Санкт-Петербургского Иоанновского женского монастыря |
| 251 | ## | $c | Дело |
| 210 | 1# | $a | Санкт-Петербург |
| | $c | Синодальная типография |
| | $d | 1909 |
| 801 | #0 | $a | RU |
| | $b | РГИА |
| | $c | 20160212 |
| | $g | RCR |
| 801 | #1 | $a | RU |
| | $b | ГлавНИВЦ |
| | $c | 20160212 |
| | $2 | rusmarc |
| 801 | #2 | $a | RU |
| | $b | ПБ им. Б.Н. Ельцина |
| | $c | 20160328 |
| | $g | RCR |
| | $2 | rusmarc |
| 850 | ## | $a | РГИА |
| 852 | ## | $a | РГИА |
| | $e | Федеральное казенное учреждение "Российский государственный исторический архив" (РГИА) |
| | $j | 3965 |
| 937 | ## | $h | РГИА |
| | $d | 12201193 |
| | $a | ASBIBLIO_SCAN |
| 215 | ## | $a | 177 с. |
| | $c | портр. |
| | $d | 25х16 см |
| 105 | ## | $a | a### |
| 122 | 2# | $a | d |
| 461 | #0 | $1 | 0012640edd5-2044-417d-b282-4ec02c959e00 |
| | $1 | 2001 |
| | $a | Дублетный фонд НСБ |
| | $1 | 251 |
| | $c | Фонд |
| | $1 | 852 |
| | $j | 0 |
| 462 | #0 | $1 | 00101f3c915-c163-4bd9-8823-fd1c871481a4 |
| | $1 | 2001 |
| | $a | Дублетный фонд Библиотеки |
| | $v | Д. 3965 |
| | $1 | 251 |
| | $c | Опись |
| | $1 | 852 |
| | $j | 1 |
| | $l | Д |
| 035 | ## | $a | 00284551-2342-4372-9571-234bf4635fc6 |
| 600 | #0 | $2 | nlr_sh |
| | $3 | RU\NLR\AUTH\661594182 |
| | $a | Иоанн Кронштадтский |
| | $c | святой |
| | $f | 1829 - 1908 |
| | $j | Дневники |
| 605 | ## | $2 | acquisition_Prlib |
| | $3 | DITM\AF\0000003834 |
| | $a | Народ |
| | $l | коллекция |
| 605 | ## | $2 | acquisition_Prlib |
| | $3 | DITM\AF\0000004166 |
| | $a | Россия в лицах |
| | $l | коллекция |
| 605 | ## | $2 | acquisition_prlib |
| | $3 | LIBNET\UAF\0000061920 |
| | $a | Синод в истории российской государственности |
| | $l | коллекция |
| 686 | ## | $2 | rubbk |
| | $a | 86.372.24-574ю14 |
| | $v | LBC/M |
| 686 | ## | $2 | rubbk |
| | $a | 86.372.24-637.1ю14 |
| | $v | LBC/M |
| 701 | #0 | $3 | RU\NLR\AUTH\773064 |
| | $4 | 070 |
| | $a | Иоанн Кронштадтский |
| | $c | святой |
| | $f | 1829-1908 |
| 856 | 4# | $u | http://www.prlib.ru/Lib/pages/item.aspx?itemid=138257 |